000 00980cab a2200361 4500
001 WB2839-14
008 090401t1992 xxu||||| |||| 00| 0 eng d
035 _a(Sirsi) u32599
041 _aeng
245 _aNational rents guide launched
260 _c1992
350 _a0
490 _aScotsman
_v6 October 1992, 30(2)
520 _aLaunches the Scotsman/RICS Commercial Property Survey to be published quarterly in the Scotsman in conjunction with the RICS in Scotland.
650 _aABERDEEN
650 _aDUNDEE
650 _aEDINBURGH
650 _aFALKIRK
650 _aGLASGOW
650 _aINDUSTRIAL RENTS
650 _aINVERNESS
650 _aOFFICE RENTS
650 _aPAISLEY
650 _aPERTH
650 _aPROPERTY INDEXES
650 _aRENTS
650 _aRETAIL RENTS
650 _aSCOTLAND
650 _aSCOTSMAN/RICS COMMERCIAL PROPERTY SURVEY
690 _aPROPERTY-COMMERCIAL PROPERTY
942 _n0
948 _c04/03/1997
999 _c21812
_d21812